Science, technology, and society / Joel E. Unday, Allen G. Paguligan, Consolacion L. Luciano. (Record no. 21576)

000 -LEADER
fixed length control field 00628nam a22001817a 4500
020 ## - INTERNATIONAL STANDARD BOOK NUMBER
ISBN 9786210800531
082 ## - DEWEY DECIMAL CLASSIFICATION NUMBER
Classification number 500
Item number Un549 2024
100 ## - MAIN ENTRY--AUTHOR NAME
Personal name Unday, Joel E., author.
245 ## - TITLE STATEMENT
Title Science, technology, and society / Joel E. Unday, Allen G. Paguligan, Consolacion L. Luciano.
260 ## - PUBLICATION, DISTRIBUTION, ETC. (IMPRINT)
Place of publication Malabon City :
Name of publisher Mutya Publishing House, Inc.,
Year of publication ©2024.
300 ## - PHYSICAL DESCRIPTION
Number of Pages 346 pages :
Other physical details illustrations ; 26 cm.
500 ## - GENERAL NOTE
General note Includes bibliographical references.
650 ## - SUBJECT ADDED ENTRY--TOPICAL TERM
Topical Term Science -- Social aspects.
650 ## - SUBJECT ADDED ENTRY--TOPICAL TERM
Topical Term Technology -- Social aspects.
700 ## - ADDED ENTRY--PERSONAL NAME
Personal name Paguligan, Allen G.
700 ## - ADDED ENTRY--PERSONAL NAME
Personal name Luciano, Consolacion L.
942 ## - ADDED ENTRY ELEMENTS (KOHA)
Koha item type Books
Holdings
Source of acquisition Permanent Location Date acquired Koha item type Collection code Accession Number Lost status Shelving location Withdrawn status Current Location Full call number
SchoolCagayan State University - Carig Library2025-12-05BooksPure Sciences011286 General Collection Cagayan State University - Carig Library500 Un549 2024
SchoolCagayan State University - Carig Library2025-12-05BooksPure Sciences011287 General Collection Cagayan State University - Carig Library500 Un549 2024
SchoolCagayan State University - Carig Library2025-12-05BooksPure Sciences011288 General Collection Cagayan State University - Carig Library500 Un549 2024

Cagayan State University University Library, Carig Campus
Tuguegarao City, Cagayan 3500 | www.csucarig.edu.ph

Powered by Koha